| 000 | 00554nam a2200157 a 4500 | ||
|---|---|---|---|
| 001 | 000026405 | ||
| 005 | 20200930030215.0 | ||
| 008 | 110316s1977 dr ad 000 0 spa d | ||
| 040 |
_aDO-SdBNP _bspa _cBNPHU |
||
| 100 | 1 |
_aAlvarez, José Vicente _953450 |
|
| 245 | 1 | 3 |
_aEl mensaje impreso / _cJosé Vicente Alvarez. |
| 260 |
_aSanto Domingo : _bEditorial Perfil, _c1977. |
||
| 300 |
_a470 P. : _bil., gráf. ; _c22 cm. |
||
| 505 | 2 | _aLa comunicación -- El planeamiento editorial -- La producción de obras didácticas -- Las artes gráficas | |
| 049 | _aBNPD | ||
| 999 |
_c25897 _d25897 |
||